000 00797nam a2200253Ia 4500
003 OSt
005 20220925230714.0
006 a|||||r|||| 00| 0
007 ta
008 220923b |||||||| |||| 00| 0 eng d
020 _a856495493
037 _cGeneral Book
040 _aRTL
_cRTL
_beng
041 _2eng
_aeng
082 _aU481:(Z).1(X).N9, N8
100 _aFernandes Edesio Ed.
_9294183
245 0 _aIllegal cities
_b Law and urban change in developing Countries
260 _aLondon
_bZed Books Ltd.
_c1998
300 _a280p Bibliography chapeterwise
_ccm.
650 _aHousing Geography
_9231333
700 _a Varley Ann Ed.
_9294184
942 _hU481:(Z).1(X).N9, N8
_cGB
_2CC
999 _c586392
_d586392